00680nam a2200217 a 450000100060000000300080000600500170001400800410003103500190007204000260009104100080011708200240012510000570014924500540020626000360026030000300029649000450032650400190037165000270039083000450041750691BD-RjUL20211209075540.0160828s1963 nyua 000 0 eng d a(BD-RjUL)50811 aBD-RjULbengcBD-RjUL aeng 223a516.7bGUD 19631 aGuggenheimer, Heinrich W.q(Heinrich Walter),d1924-10aDifferential geometry /cHeinrich W. Guggenheimer aNew York :bMcGraw-Hill,cc1963 ax, 378 p :bill. ;c24 cm aMcGraw-Hill series in higher mathematics aIncludes index 0aGeometry, Differential 0aMcGraw-Hill series in higher mathematics